000 00420nam a2200145Ia 4500
999 _c203010
_d203010
041 _aEnglish
082 _a630
082 _bMIN/RE
100 _aMinistry of Agriculture And Irrigation
245 _aReport of national commission on agriculture 1976 : rural development and special area part-13 *
260 _bMinistry of Agriculture And Irrigation
260 _c1976
650 _aAgriculture
942 _cREF